书目信息 |
| 题名: |
非常美境
|
|
| 作者: | 王淼 著 | |
| 分册: | ||
| 出版信息: | 济南 山东友谊出版社 2002.09 |
|
| 页数: | 211页 | |
| 开本: | 19cm | |
| 丛书名: | 点击经典文丛 | |
| 单 册: | ||
| 中图分类: | I106.4 | |
| 科图分类: | ||
| 主题词: | 小说--文学评论--世界 , 文学--世界 | |
| 电子资源: | ||
| ISBN: | 7-80642-577-2 | |
| 000 | 00752nam0 2200241 45 | |
| 001 | 0311170812 | |
| 005 | 20031219104121.5 | |
| 010 | @a7-80642-577-2@dCNY17.00 | |
| 100 | @a20031117d2002 km y0chiy0120 ea | |
| 101 | 0 | @achi |
| 105 | @aa z 000yy | |
| 200 | 1 | @a非常美境@AFei Chang Mei Jing@e搅动心灵的湖水@EJiao Dong Xin Ling De HuShui@f王淼著@FWang Miao Zhu |
| 210 | @a济南@c山东友谊出版社@d2002.09 | |
| 215 | @a211页@c冠图,插图,附图@d19cm | |
| 225 | @a点击经典文丛@h4 | |
| 410 | @12001 @a点击经典文丛 | |
| 517 | @a搅动心灵的湖水@AJiao Dong Xin Ling De Hu Shui | |
| 606 | 0 | @a小说@x文学评论@y世界 |
| 606 | 0 | @a文学@x世界 |
| 690 | @aI106.4@v4 | |
| 701 | @a王淼@4著 | |
| 801 | @aCN@bTSTC@c20031117 | |
| 905 | @b328203-207@dI106.4@e108:4@f5 | |
| 非常美境:搅动心灵的湖水/王淼著.-济南:山东友谊出版社,2002.09 |
| 211页:冠图,插图,附图;19cm.-(点击经典文丛.4) |
| ISBN 7-80642-577-2:CNY17.00 |
| ● |
| 相关链接 |
|
|
|
|
正题名:非常美境
索取号:I106.4/108:4
 
预约/预借
| 序号 | 登录号 | 条形码 | 馆藏地/架位号 | 状态 | 备注 |
| 1 | 0328203 | 203282036 | 第二借阅区/ [索取号:I106.4/108:4] | 在馆 | |
| 2 | 0328204 | 203282045 | 第二借阅区/ [索取号:I106.4/108:4] | 在馆 | |
| 3 | 0328205 | 203282054 | 第二借阅区/ [索取号:I106.4/108:4] | 在馆 | |
| 4 | 0328206 | 203282063 | 第二借阅区/ [索取号:I106.4/108:4] | 在馆 | |
| 5 | 0328207 | 203282072 | 第一样本阅览室/ [索取号:I106.4/108:4] | 在馆 |